| 000 | 00595cam a22001577a 4500 | ||
|---|---|---|---|
| 008 | 180718b1958 xxu||||| |||| 00| 0 eng d | ||
| 082 | _aF8x42 M635m | ||
| 100 | _aMilne, R.S. | ||
| 245 |
_aMarginal seat, 1955: a study of voting behaviour in the constituency of Bristol North East at the general election of 1955 _cby R.S. Milne and H.C. Mackenzie |
||
| 260 |
_aLondon _bHansard Society _c1958 |
||
| 300 | _a210p. | ||
| 650 | _aVoting --Great Britain --Case studies | ||
| 650 | _aVoting --England --Bristol | ||
| 650 | _aGreat Britain. Parliament --Elections, 1955 | ||
| 700 | _aMackenzie, H.C. | ||
| 999 |
_c374168 _d374168 |
||